Los jinetes del Chaco /

Guardado en:
Autor Principal: Palermo, Miguel Ángel.
Otros Autores: Rojas, Oscar.
Formato: Libro
Idioma:Undetermined
Publicado: Buenos Aires : Libros del Quirquincho, 1999.
Edición:1a ed. 1a reimp.
Series:La otra historia ; 11
Materias:
Etiquetas: Agregar Etiqueta
Sin Etiquetas, Sea el primero en etiquetar este registro!
LEADER 00654nam a22002055a 4500
001 CEM.cems021286
008 240705s1999####ag############000#0#und#d
005 20240705160437.0
245 1 0 |a Los jinetes del Chaco /  |c Miguel Ángel Palermo ; ilustrado por Oscar Rojas. 
250 |a 1a ed. 1a reimp. 
260 |a Buenos Aires :  |b Libros del Quirquincho,  |c 1999. 
300 |a 64 p. 
490 1 |a La otra historia ;  |v 11 
020 |a 9879380193 
100 1 |a Palermo, Miguel Ángel. 
700 1 |a Rojas, Oscar. 
653 |a Historia argentina 
653 |a Pueblos originarios 
653 |a Tobas 
859 |a CEMS  |b BIB. CEMS - Inicial y Primaria  |h 982  |i P174  |k IP  |p 3311  |t Ej.1